Welcome to UE Central Library

Keep Smiling

EDUCATION of a HEADMASTER (Record no. 25723)

MARC details
000 -LEADER
fixed length control field 00488nam a22001937a 4500
005 - DATE AND TIME OF LATEST TRANSACTION
control field 20260213135617.0
008 - FIXED-LENGTH DATA ELEMENTS--GENERAL INFORMATION
fixed length control field 260213b |||||||| |||| 00| 0 eng d
020 ## - INTERNATIONAL STANDARD BOOK NUMBER
International Standard Book Number 0879492325(Pbk)
040 ## - CATALOGING SOURCE
Transcribing agency UE-CL
082 ## - DEWEY DECIMAL CLASSIFICATION NUMBER
Classification number 371.2
Item number M2281
100 ## - MAIN ENTRY--PERSONAL NAME
Personal name McMillan William j
245 ## - TITLE STATEMENT
Title EDUCATION of a HEADMASTER
Statement of responsibility, etc /William J. McMIillan
250 ## - EDITION STATEMENT
Edition statement 1st ed.
260 ## - PUBLICATION, DISTRIBUTION, ETC. (IMPRINT)
Place of publication, distribution, etc New York
Name of publisher, distributor, etc Shley books
Date of publication, distribution, etc 1986
300 ## - PHYSICAL DESCRIPTION
Extent 171
546 ## - LANGUAGE NOTE
Language note English
700 ## - ADDED ENTRY--PERSONAL NAME
Personal name William J. McMillan
942 ## - ADDED ENTRY ELEMENTS (KOHA)
Koha item type Books
Holdings
Withdrawn status Damaged status Not for loan Home library Current library Date acquired Full call number Barcode Date last seen Price effective from Koha item type
      UE-Central Library UE-Central Library 13.02.2026 371.2 M2281 T5537D 13.02.2026 13.02.2026 Books
Copyright © 2023, University of Education, Lahore. All Rights Reserved.
Email:centrallibrary@ue.edu.pk